Länder mit der stärksten Christenverfolgung - Statistiken

Allgemein
  • Dieses Quiz wurde 349 mal gespielt
  • Das Durchschnittsergebnis liegt bei 13 aus 20
Antwortstatistiken
Weltverfolgungsindex Antwort % Korrekt
85,2 Iran
93%
78,8 Irak
92%
93,9 Afghanistan
86%
77,0 Saudi-Arabien
86%
81,8 Syrien
85%
87,2 Pakistan
83%
85,8 Jemen
78%
75,7 Ägypten
77%
82,7 Indien
76%
86,5 Sudan
72%
87,4 Libyen
70%
91,2 Somalia
66%
80,0 Nigeria
63%
94,3 Nordkorea
59%
86,1 Eritrea
45%
70,5 Vietnam
35%
71,4 Myanmar
34%
70,6 Laos
33%
73,6 Usbekistan
33%
78,0 Malediven
27%
Keine übereinstimmenden Quizze gefunden
Verteilung der Resultate
Anzahl Personen mit jedem Resultat
Perzentil nach korrekt beantworteten Fragen
Ihre Resultats-Entwicklung
Sie haben dieses Quiz noch nicht gespielt